[Event "Gibraltar ChallWk1 11th "]
[Site "Gibraltar"]
[Date "2013.01.21"]
[Round "1.23"]
[White "Lochte, Szilvia"]
[Black "Pinho, Paulo"]
[Result "0-1"]
[WhiteElo "1923"]
[BlackElo "2128"]
[PlyCount "45"]
[EventDate "2013.01.21"]
[EventType "swiss"]
[EventRounds "5"]
[EventCountry "GGB"]
[SourceTitle "BritBase"]
[Source "www.saund.co.uk"]
[SourceDate "2018.02.10"]
[SourceVersion "1"]
[SourceVersionDate "2018.02.10"]
[SourceQuality "1"]

1. d4 f5 2. Bf4 Nf6 3. e3 e6 4. Nf3 b6 5. Nbd2 Bb7 6. Bd3 Be7 7. h3 O-O 8. c3
d6 9. Rg1 Kh8 10. g4 Ne4 11. gxf5 exf5 12. Bxe4 fxe4 13. Ng5 Bxg5 14. Bxg5 Qd7
15. Qh5 Qf5 16. O-O-O Ba6 17. Rg4 Be2 18. Rdg1 Nd7 19. f3 exf3 20. e4 f2 21.
Rh1 Qa5 22. Nf1 Qb5 23. a4 0-1

[Event "Gibraltar ChallWk1 11th "]
[Site "Gibraltar"]
[Date "2013.01.21"]
[Round "1.24"]
[White "Janev, Pavel"]
[Black "Munoz Jorva, Miguel Angel"]
[Result "1-0"]
[WhiteElo "2126"]
[BlackElo "1916"]
[PlyCount "125"]
[EventDate "2013.01.21"]
[EventType "swiss"]
[EventRounds "5"]
[EventCountry "GGB"]
[SourceTitle "BritBase"]
[Source "www.saund.co.uk"]
[SourceDate "2018.02.10"]
[SourceVersion "1"]
[SourceVersionDate "2018.02.10"]
[SourceQuality "1"]

1. e4 c5 2. b4 cxb4 3. a3 d5 4. exd5 Qxd5 5. d4 e5 6. Nf3 Bg4 7. c4 Qe4+ 8. Be2
Bxf3 9. gxf3 Qxd4 10. Qa4+ Qd7 11. axb4 Qxa4 12. Rxa4 Nc6 13. c5 Nd4 14. f4
Nxe2 15. Kxe2 e4 16. Nc3 a6 17. Nxe4 f5 18. Ng3 Nh6 19. Bb2 Kf7 20. Rd1 Re8+
21. Kf3 Rg8 22. Ra3 g6 23. Re3 Re7 24. Rxe7+ Kxe7 25. Ne2 Bg7 26. Bxg7 Rxg7 27.
Nc3 Ke8 28. Nd5 Rf7 29. Nb6 Ng4 30. Nc8 Kf8 31. Rd8+ Kg7 32. Nd6 Re7 33. Nxb7
Rxb7 34. c6 Rxb4 35. c7 Rc4 36. c8=Q Rxc8 37. Rxc8 Nxh2+ 38. Ke2 Ng4 39. Ra8 h5
40. Rxa6 Nf6 41. Kf3 Ne4 42. Ke3 Nf6 43. Kd4 Ng4 44. f3 Nh2 45. Ke3 Nf1+ 46.
Kf2 Nd2 47. Ra4 Nb3 48. Rc4 Na5 49. Rc7+ Kh6 50. Ke3 Nb3 51. Kd3 h4 52. Kc3 Na5
53. Kb4 Nb7 54. Rxb7 h3 55. Kc3 h2 56. Rb1 Kh5 57. Rh1 Kh4 58. Rxh2+ Kg3 59.
Rh6 Kxf4 60. Rxg6 Kxf3 61. Kd3 f4 62. Rf6 Kg3 63. Ke4 1-0

[Event "Gibraltar ChallWk1 11th "]
[Site "Gibraltar"]
[Date "2013.01.21"]
[Round "1.25"]
[White "Longdin, Michael"]
[Black "Wiedersich, Jens"]
[Result "0-1"]
[WhiteElo "1787"]
[BlackElo "2120"]
[PlyCount "112"]
[EventDate "2013.01.21"]
[EventType "swiss"]
[EventRounds "5"]
[EventCountry "GGB"]
[SourceTitle "BritBase"]
[Source "www.saund.co.uk"]
[SourceDate "2018.02.10"]
[SourceVersion "1"]
[SourceVersionDate "2018.02.10"]
[SourceQuality "1"]

1. d4 Nf6 2. Nf3 c5 3. c3 cxd4 4. cxd4 g6 5. e3 Bg7 6. Bd3 O-O 7. Nbd2 Nc6 8.
a3 d6 9. O-O e5 10. dxe5 dxe5 11. Qe2 Bg4 12. Bc2 Qc7 13. h3 Be6 14. Nb3 Qb6
15. Nbd2 Rac8 16. Bb1 h6 17. Ba2 e4 18. Bxe6 exf3 19. Bxf7+ Rxf7 20. Nxf3 Qb3
21. Rb1 Ne4 22. Nd4 Nxd4 23. exd4 Qc2 24. Qxc2 Rxc2 25. Be3 a6 26. Rfc1 Rfc7
27. Rxc2 Rxc2 28. b4 Nc3 29. Rb3 Bxd4 30. Bxd4 Ne2+ 31. Kh2 Nxd4 32. Rd3 Rc4
33. Kg3 Rc3 34. Rxc3 Ne2+ 35. Kf3 Nxc3 36. Ke3 Nb5 37. a4 Nc3 38. a5 Nd5+ 39.
Kd4 Nxb4 40. Kc5 Nc6 41. Kb6 Nxa5 42. Kxa5 b5 43. Kb4 Kf7 44. f4 h5 45. g3 Ke7
46. g4 hxg4 47. hxg4 Kd6 48. Kc3 Kd5 49. Kd3 b4 50. f5 gxf5 51. gxf5 Ke5 52.
Kc4 a5 53. Kb3 Kxf5 54. Kc4 Ke4 55. Kb3 Kd3 56. Ka4 Kc2 0-1

[Event "Gibraltar ChallWk1 11th "]
[Site "Gibraltar"]
[Date "2013.01.21"]
[Round "1.27"]
[White "Tveten, Per"]
[Black "Byrn, Carsten"]
[Result "0-1"]
[WhiteElo "1597"]
[BlackElo "2114"]
[PlyCount "84"]
[EventDate "2013.01.21"]
[EventType "swiss"]
[EventRounds "5"]
[EventCountry "GGB"]
[SourceTitle "BritBase"]
[Source "www.saund.co.uk"]
[SourceDate "2018.02.10"]
[SourceVersion "1"]
[SourceVersionDate "2018.02.10"]
[SourceQuality "1"]

1. e4 c5 2. c4 Nc6 3. Nc3 g6 4. Nf3 Bg7 5. Be2 d6 6. h3 e5 7. d3 Nge7 8. Nd5
Nxd5 9. cxd5 Ne7 10. O-O O-O 11. Be3 h6 12. Qd2 Kh7 13. Nh2 f5 14. f4 exf4 15.
Bxf4 g5 16. Bg3 f4 17. Be1 Ng6 18. Nf3 Ne5 19. Nxe5 Bxe5 20. Rb1 a5 21. a3 b6
22. Bf2 Qf6 23. b4 axb4 24. axb4 Rf7 25. Rfd1 Rfa7 26. bxc5 Ra2 27. Qe1 bxc5
28. Kh1 h5 29. Rd2 Rxd2 30. Qxd2 g4 31. Bf1 Bc3 32. Qc2 Be5 33. Rd1 Kg7 34. Rb1
Qd8 35. Qd1 Qf6 36. Qc2 Qf7 37. Rd1 Qa7 38. Qc4 Qa2 39. d4 Qxc4 40. Bxc4 cxd4
41. Bxd4 Bxd4 42. Rxd4 Ra1+ 0-1

[Event "Gibraltar ChallWk1 11th "]
[Site "Gibraltar"]
[Date "2013.01.21"]
[Round "1.28"]
[White "Cawley, Paul F"]
[Black "Gravett, Alan D"]
[Result "1/2-1/2"]
[WhiteElo "2113"]
[BlackElo "1869"]
[PlyCount "80"]
[EventDate "2013.01.21"]
[EventType "swiss"]
[EventRounds "5"]
[EventCountry "GGB"]
[SourceTitle "BritBase"]
[Source "www.saund.co.uk"]
[SourceDate "2018.02.10"]
[SourceVersion "1"]
[SourceVersionDate "2018.02.10"]
[SourceQuality "1"]

1. e4 c5 2. Nf3 Nf6 3. Nc3 d5 4. exd5 Nxd5 5. Bb5+ Bd7 6. Bc4 Nb6 7. Be2 Nc6 8.
b3 Nd4 9. Bb2 Bc6 10. O-O e6 11. d3 Qf6 12. Nxd4 cxd4 13. Ne4 Bxe4 14. dxe4
O-O-O 15. a4 Bc5 16. a5 Nd7 17. a6 b6 18. Kh1 h5 19. f4 e5 20. f5 g5 21. Bc4
Qg7 22. Bd5 Nf6 23. Bb7+ Kb8 24. Qe2 g4 25. Qb5 g3 26. b4 Bd6 27. Bxd4 exd4 28.
e5 Ng4 29. exd6 Rxd6 30. Rae1 Qf6 31. Re8+ Rxe8 32. Qxe8+ Rd8 33. Qe4 Nf2+ 34.
Rxf2 gxf2 35. Qf4+ Rd6 36. Qxf2 d3 37. cxd3 Rxd3 38. g3 Qd6 39. Bf3 Qxb4 40.
Qe2 Rd2 1/2-1/2

[Event "Gibraltar ChallWk1 11th "]
[Site "Gibraltar"]
[Date "2013.01.21"]
[Round "1.32"]
[White "Lyell, Mark"]
[Black "Sevillano Garcia, Joaquin"]
[Result "1-0"]
[WhiteElo "2235"]
[BlackElo "1983"]
[PlyCount "77"]
[EventDate "2013.01.21"]
[EventType "swiss"]
[EventRounds "5"]
[EventCountry "GGB"]
[SourceTitle "BritBase"]
[Source "www.saund.co.uk"]
[SourceDate "2018.02.10"]
[SourceVersion "1"]
[SourceVersionDate "2018.02.10"]
[SourceQuality "1"]

1. e4 c5 2. Nf3 d6 3. Bb5+ Bd7 4. Bxd7+ Qxd7 5. O-O Nc6 6. Qe2 g6 7. c3 Bg7 8.
Rd1 Nf6 9. d4 cxd4 10. cxd4 O-O 11. d5 Ne5 12. Nxe5 dxe5 13. Na3 Rfc8 14. Nc4
Ne8 15. b3 Nd6 16. Bd2 Nxc4 17. bxc4 f5 18. a4 fxe4 19. Qxe4 Qf5 20. Re1 Rc7
21. a5 Rac8 22. Rac1 Qd7 23. Bb4 b6 24. Rc2 Qa4 25. axb6 axb6 26. Rb1 b5 27. c5
Rxc5 28. Rxc5 Rxc5 29. Qg4 Qc2 30. Re1 Rc7 31. Qe6+ Kh8 32. d6 Rc8 33. d7 Rf8
34. Qb6 Qd3 35. Bxe7 Qxd7 36. Bxf8 Bxf8 37. Qb8 Kg8 38. Qxe5 b4 39. Qe6+ 1-0

[Event "Gibraltar ChallWk1 11th "]
[Site "Gibraltar"]
[Date "2013.01.21"]
[Round "1.33"]
[White "Becham, Khalid"]
[Black "Galvan, Jesus"]
[Result "1-0"]
[WhiteElo "1929"]
[BlackElo "2231"]
[PlyCount "100"]
[EventDate "2013.01.21"]
[EventType "swiss"]
[EventRounds "5"]
[EventCountry "GGB"]
[SourceTitle "BritBase"]
[Source "www.saund.co.uk"]
[SourceDate "2018.02.10"]
[SourceVersion "1"]
[SourceVersionDate "2018.02.10"]
[SourceQuality "1"]

1. d4 c5 2. d5 e5 3. c4 d6 4. Nc3 g6 5. e4 Bg7 6. Bd3 Ne7 7. Nge2 O-O 8. O-O a6
9. a4 Nd7 10. Ra3 Kh8 11. Ng3 Ng8 12. Bd2 Bh6 13. Rb3 Qh4 14. a5 Rb8 15. Na4
Ndf6 16. Nb6 Bd7 17. h3 Be8 18. Bc1 Bg5 19. Bxg5 Qxg5 20. Qc1 Qxc1 21. Rxc1 h5
22. f3 h4 23. Nf1 Nh5 24. Ne3 Ne7 25. Rbc3 Nf4 26. Bf1 Nc8 27. Rb3 Ne7 28. Rbc3
Kg7 29. b4 Rd8 30. bxc5 dxc5 31. Kf2 f6 32. Ke1 Rf7 33. Bd3 Kh6 34. Bc2 Kg5 35.
Ba4 Nc8 36. Bxe8 Rxe8 37. Nxc8 Rxc8 38. Rb3 Rcc7 39. Rcb1 Nh5 40. Rb6 Kf4 41.
Kf2 Kg5 42. Rd1 Rfd7 43. Re6 Ng7 44. Rb6 Ne8 45. g3 hxg3+ 46. Kxg3 Nd6 47. h4+
Kh6 48. Rh1 Rc8 49. h5 Rg8 50. hxg6+ Kxg6 {No further moves were recorded} 1-0

[Event "Gibraltar ChallWk1 11th "]
[Site "Gibraltar"]
[Date "2013.01.21"]
[Round "1.34"]
[White "Pena Riasco, Alexander"]
[Black "El Mabrouk, Issam"]
[Result "1-0"]
[WhiteElo "2156"]
[BlackElo "2099"]
[PlyCount "103"]
[EventDate "2013.01.21"]
[EventType "swiss"]
[EventRounds "5"]
[EventCountry "GGB"]
[SourceTitle "BritBase"]
[Source "www.saund.co.uk"]
[SourceDate "2018.02.10"]
[SourceVersion "1"]
[SourceVersionDate "2018.02.10"]
[SourceQuality "1"]

1. e4 c5 2. Nf3 d6 3. d4 cxd4 4. Nxd4 Nf6 5. Nc3 g6 6. Be3 Bg7 7. f3 O-O 8. Qd2
Nc6 9. Bc4 Bd7 10. O-O-O Ne5 11. Bb3 Qa5 12. Kb1 Rfc8 13. h4 Nc4 14. Bxc4 Rxc4
15. h5 Nxh5 16. g4 Nf6 17. Nb3 Qe5 18. f4 Qe6 19. f5 Qe5 20. Bf4 Nxe4 21. Bxe5
Nxd2+ 22. Nxd2 Rxg4 23. Bxg7 Kxg7 24. fxg6 hxg6 25. Nb3 Bc6 26. Rhe1 Kf8 27.
Rd2 Rh4 28. Nd4 Rc8 29. a3 e6 30. Ndb5 Bxb5 31. Nxb5 d5 32. Rf2 Rh7 33. Nd6 Re8
34. Nxe8 Kxe8 35. Rf6 Ke7 36. Ref1 g5 37. Kc1 g4 38. Kd2 e5 39. R6f5 Ke6 40.
Rg5 Rh2+ 41. Kd1 Rg2 42. Rg7 f5 43. Rg6+ Kf7 44. Rg5 f4 45. Rxe5 f3 46. Rxd5
Kf6 47. Rd2 Rg3 48. Rh2 Kg5 49. Ke1 Kf4 50. Kf2 Rh3 51. Rxh3 gxh3 52. Rh1 1-0

[Event "Gibraltar ChallWk1 11th "]
[Site "Gibraltar"]
[Date "2013.01.22"]
[Round "2.1"]
[White "Scharrer, Patrick"]
[Black "Allor, Chukwuka"]
[Result "1-0"]
[WhiteElo "2248"]
[BlackElo "2154"]
[PlyCount "71"]
[EventDate "2013.01.21"]
[EventType "swiss"]
[EventRounds "5"]
[EventCountry "GGB"]
[SourceTitle "BritBase"]
[Source "www.saund.co.uk"]
[SourceDate "2018.02.10"]
[SourceVersion "1"]
[SourceVersionDate "2018.02.10"]
[SourceQuality "1"]

1. e4 c5 2. Nf3 d6 3. d4 cxd4 4. Nxd4 Nf6 5. Nc3 Nc6 6. Bc4 Qb6 7. Nxc6 bxc6 8.
O-O g6 9. Qe1 Ng4 10. b3 Bg7 11. Bb2 Qb8 12. Be2 h5 13. h3 d5 14. hxg4 hxg4 15.
g3 Qe5 16. Kg2 d4 17. Na4 Qxe4+ 18. f3 Qxc2 19. Rf2 Be6 20. fxg4 Bd5+ 21. Bf3
Bxf3+ 22. Kxf3 Qd3+ 23. Kg2 O-O 24. Rc1 e5 25. Nc5 Qb5 26. Qe4 Rad8 27. Nd3 Qd5
28. Qxd5 Rxd5 29. Rxc6 e4 30. Nf4 Rd7 31. Rd2 Rfd8 32. Kf1 d3 33. Bxg7 e3 34.
Rxd3 Rxd3 35. Nxd3 Kxg7 36. Ke2 1-0

[Event "Gibraltar ChallWk1 11th "]
[Site "Gibraltar"]
[Date "2013.01.22"]
[Round "2.2"]
[White "Burrows, Martin P"]
[Black "Lyell, Mark"]
[Result "1/2-1/2"]
[WhiteElo "2153"]
[BlackElo "2235"]
[PlyCount "108"]
[EventDate "2013.01.21"]
[EventType "swiss"]
[EventRounds "5"]
[EventCountry "GGB"]
[SourceTitle "BritBase"]
[Source "www.saund.co.uk"]
[SourceDate "2018.02.10"]
[SourceVersion "1"]
[SourceVersionDate "2018.02.10"]
[SourceQuality "1"]

1. e4 c6 2. d4 d5 3. e5 c5 4. dxc5 Nc6 5. Bb5 e6 6. Be3 Nge7 7. c3 a6 8. Bxc6+
Nxc6 9. f4 g5 10. fxg5 Nxe5 11. Nf3 Qc7 12. Nxe5 Qxe5 13. Qd4 Qxd4 14. cxd4 Bd7
15. Nc3 b6 16. cxb6 Rb8 17. O-O Rxb6 18. Rf2 Bg7 19. Raf1 O-O 20. a3 Rb3 21.
Kh1 a5 22. h4 Bc8 23. Rd1 Ba6 24. Bf4 Rc8 25. Na4 Rd3 26. Rxd3 Bxd3 27. Nc5 Bg6
28. Be3 e5 29. dxe5 Bxe5 30. Nd7 Bg3 31. Rf1 Rc4 32. Nf6+ Kg7 33. Nxd5 Rxh4+
34. Kg1 Bh2+ 35. Kf2 Be5 36. b4 a4 37. b5 Bd3 38. Rd1 Bxb5 39. Ne7 Re4 40. Kf3
Rxe3+ 41. Kxe3 Bc4 42. Rd8 f6 43. gxf6+ Kxf6 44. Nc6 Bb2 45. Nd4 Bxa3 46. Ra8
Bc1+ 47. Ke4 a3 48. Nc2 a2 49. Nb4 Ke6 50. Ra7 h5 51. Nxa2 Bd5+ 52. Kd3 Bf4 53.
Ra6+ Kf7 54. Ra5 Ke6 1/2-1/2

[Event "Gibraltar ChallWk1 11th "]
[Site "Gibraltar"]
[Date "2013.01.22"]
[Round "2.3"]
[White "Nikolaidis, Konstantinos"]
[Black "Kvisla, Johannes Luangtep"]
[Result "1/2-1/2"]
[WhiteElo "2233"]
[BlackElo "2148"]
[PlyCount "60"]
[EventDate "2013.01.21"]
[EventType "swiss"]
[EventRounds "5"]
[EventCountry "GGB"]
[SourceTitle "BritBase"]
[Source "www.saund.co.uk"]
[SourceDate "2018.02.10"]
[SourceVersion "1"]
[SourceVersionDate "2018.02.10"]
[SourceQuality "1"]

1. e4 c5 2. Nf3 d6 3. d4 cxd4 4. Nxd4 Nf6 5. Nc3 Nc6 6. Bg5 e6 7. Qd2 a6 8.
O-O-O h6 9. Be3 Nxd4 10. Bxd4 Qa5 11. f3 e5 12. Be3 b5 13. Qf2 Rb8 14. Kb1 b4
15. Nd5 Nxd5 16. exd5 Be7 17. f4 Bd7 18. Bc4 Bb5 19. Bb3 Bf6 20. g4 Qc7 21.
fxe5 Bxe5 22. Bd4 f6 23. Rc1 Qd7 24. Rhg1 a5 25. c4 bxc3 26. Rxc3 Ba4 27. Bc4
Bb5 28. Bb3 Ba4 29. Bc4 Bb5 30. Bb3 Ba4 1/2-1/2

[Event "Gibraltar ChallWk1 11th "]
[Site "Gibraltar"]
[Date "2013.01.22"]
[Round "2.4"]
[White "Jameson, David"]
[Black "Vea, Odin Blikra"]
[Result "1-0"]
[WhiteElo "2143"]
[BlackElo "2233"]
[PlyCount "121"]
[EventDate "2013.01.21"]
[EventType "swiss"]
[EventRounds "5"]
[EventCountry "GGB"]
[SourceTitle "BritBase"]
[Source "www.saund.co.uk"]
[SourceDate "2018.02.10"]
[SourceVersion "1"]
[SourceVersionDate "2018.02.10"]
[SourceQuality "1"]

1. Nf3 Nf6 2. d4 e6 3. Bg5 Be7 4. e3 Nd5 5. Bxe7 Qxe7 6. c4 Nf6 7. Nc3 d6 8.
Be2 O-O 9. O-O Nc6 10. h3 e5 11. Nd5 Nxd5 12. cxd5 Nd8 13. dxe5 dxe5 14. e4 f5
15. Qb3 Kh8 16. Qc3 Nf7 17. Rac1 fxe4 18. Nd2 Bf5 19. Qxc7 Qg5 20. f4 exf3 21.
Nxf3 Qe3+ 22. Rf2 Rac8 23. Rc3 Qxf2+ 24. Kxf2 Rxc7 25. Rxc7 Nd6 26. Kg1 e4 27.
Nd4 h6 28. g4 Bg6 29. Rd7 Nf7 30. Rxb7 a5 31. Ne6 Rc8 32. Kf2 a4 33. h4 Ne5 34.
d6 Be8 35. Nxg7 Bd7 36. Nf5 h5 37. Ne7 Rf8+ 38. Kg3 Bxg4 39. Bxg4 hxg4 40. Rb5
Rf3+ 41. Kg2 Nf7 42. Ng6+ Kg7 43. Ne5 Nxd6 44. Rb6 Rf5 45. Nxg4 Rd5 46. Ne3
Rd2+ 47. Kg3 Kf6 48. Nc4 Rd3+ 49. Kf4 e3 50. Kf3 e2+ 51. Kxe2 Rh3 52. Rxd6+ Kf5
53. Rd4 a3 54. bxa3 Rh2+ 55. Kd3 Rxa2 56. Kc3 Ke6 57. Kb3 Rh2 58. a4 Rh1 59. a5
Rb1+ 60. Ka4 Ke7 61. a6 1-0

[Event "Gibraltar ChallWk1 11th "]
[Site "Gibraltar"]
[Date "2013.01.22"]
[Round "2.5"]
[White "Zygouris, Hristos"]
[Black "Janev, Pavel"]
[Result "1/2-1/2"]
[WhiteElo "2218"]
[BlackElo "2126"]
[PlyCount "121"]
[EventDate "2013.01.21"]
[EventType "swiss"]
[EventRounds "5"]
[EventCountry "GGB"]
[SourceTitle "BritBase"]
[Source "www.saund.co.uk"]
[SourceDate "2018.02.10"]
[SourceVersion "1"]
[SourceVersionDate "2018.02.10"]
[SourceQuality "1"]

1. Nf3 c5 2. c4 g6 3. g3 Bg7 4. Bg2 Nc6 5. Nc3 d6 6. O-O Nh6 7. d4 cxd4 8. Bxh6
Bxh6 9. Nxd4 Bd7 10. c5 Bg7 11. Nxc6 Bxc6 12. Bxc6+ bxc6 13. Qa4 O-O 14. Qxc6
Rc8 15. Qa6 dxc5 16. Qxa7 Qd2 17. Rab1 Bxc3 18. bxc3 Qxe2 19. Rfe1 Qc4 20. Qxe7
Qxc3 21. Rbc1 Qd2 22. a4 c4 23. Red1 Qa5 24. Qa3 Rc6 25. Rc3 Ra8 26. Ra1 Kg7
27. Qc1 Rac8 28. Qc2 Qf5 29. Qxf5 gxf5 30. f4 Kf6 31. Kf2 Ke6 32. Ke3 Kd5 33.
Kd2 Re6 34. a5 Rce8 35. Rd1 Kc5 36. Kc2 Re2+ 37. Rd2 Rxd2+ 38. Kxd2 Kb4 39. Rc1
Rd8+ 40. Kc2 c3 41. Rb1+ Kc4 42. Rb7 Rd2+ 43. Kc1 Rxh2 44. a6 Ra2 45. a7 Kd3
46. Rd7+ Ke4 47. Kb1 Ra3 48. Rc7 h5 49. Kc2 f6 50. Re7+ Kf3 51. Rc7 Ra2+ 52.
Kb1 Ra6 53. Rg7 Kg2 54. Kc2 Ra3 55. Kb1 Kh3 56. Kc2 h4 57. gxh4 Kxh4 58. Kd3
Kh5 59. Kc2 Kh6 60. Rc7 Kg6 61. Kd3 1/2-1/2

[Event "Gibraltar ChallWk1 11th "]
[Site "Gibraltar"]
[Date "2013.01.22"]
[Round "2.6"]
[White "Pinho, Paulo"]
[Black "Urbina Perez, Juan Antonio"]
[Result "1/2-1/2"]
[WhiteElo "2128"]
[BlackElo "2214"]
[PlyCount "88"]
[EventDate "2013.01.21"]
[EventType "swiss"]
[EventRounds "5"]
[EventCountry "GGB"]
[SourceTitle "BritBase"]
[Source "www.saund.co.uk"]
[SourceDate "2018.02.10"]
[SourceVersion "1"]
[SourceVersionDate "2018.02.10"]
[SourceQuality "1"]

1. d4 Nf6 2. c4 e6 3. Nf3 d5 4. g3 Bb4+ 5. Bd2 Be7 6. Bg2 c6 7. Qc2 b6 8. O-O
Ba6 9. Ne5 O-O 10. Bf4 Nfd7 11. cxd5 cxd5 12. Nc3 Nxe5 13. Bxe5 Bb7 14. Rfd1
Nc6 15. Bf4 Rc8 16. e4 Nb4 17. Qa4 a5 18. a3 b5 19. Nxb5 Na6 20. exd5 Bxd5 21.
Bxd5 Qxd5 22. Nc3 Qf5 23. d5 Nc5 24. Qb5 e5 25. d6 Bxd6 26. Rxd6 exf4 27. Rd5
Qh3 28. Ne2 Ne6 29. Rh5 Qg4 30. Rh4 Qg5 31. Qd3 g6 32. Nxf4 Nxf4 33. Rxf4 Rfd8
34. Qf3 Rd7 35. b4 axb4 36. axb4 Qe5 37. Ra5 Qe1+ 38. Kg2 Rd1 39. Kh3 Qe6+ 40.
Qg4 Qxg4+ 41. Kxg4 Rc7 42. h4 Rb7 43. h5 Kg7 44. Rc5 Rd3 1/2-1/2

[Event "Gibraltar ChallWk1 11th "]
[Site "Gibraltar"]
[Date "2013.01.22"]
[Round "2.7"]
[White "Sanchez Castillo, Sarai"]
[Black "Kozarcanin, Sead"]
[Result "1-0"]
[WhiteElo "2212"]
[BlackElo "2090"]
[PlyCount "99"]
[EventDate "2013.01.21"]
[EventType "swiss"]
[EventRounds "5"]
[EventCountry "GGB"]
[SourceTitle "BritBase"]
[Source "www.saund.co.uk"]
[SourceDate "2018.02.10"]
[SourceVersion "1"]
[SourceVersionDate "2018.02.10"]
[SourceQuality "1"]

1. e4 e5 2. d4 exd4 3. Qxd4 Nc6 4. Qe3 Nf6 5. Nc3 Bb4 6. Bd2 O-O 7. O-O-O Re8
8. Qg3 Rxe4 9. a3 Bd6 10. f4 Re8 11. Bd3 Bf8 12. Nf3 h6 13. h3 d5 14. Ne5 Ne7
15. Ng4 Kh8 16. Nxf6 gxf6 17. Qh4 Bg7 18. g4 c6 19. f5 Ng8 20. Qh5 Re7 21. h4
Qf8 22. g5 Bd7 23. Rhg1 Rae8 24. gxh6 Nxh6 25. Rg2 d4 26. Ne2 Rxe2 27. Rxe2
Rxe2 28. Qxe2 Bxf5 29. Bxf5 Nxf5 30. Qh5+ Nh6 31. Rg1 Kh7 32. Kb1 b6 33. Bxh6
Bxh6 34. Qf5+ Kh8 35. Qxf6+ Bg7 36. Qxc6 Qe7 37. h5 Qe3 38. Qc8+ Kh7 39. Qf5+
Kh8 40. Qg4 Qh6 41. Re1 Qf6 42. Qe2 Kh7 43. Rf1 Qc6 44. Rxf7 Qd5 45. Rxa7 Qh1+
46. Ka2 Qd5+ 47. b3 Qc6 48. Qd3+ Kh8 49. Qg6 Qxc2+ 50. Qxc2 1-0

[Event "Gibraltar ChallWk1 11th "]
[Site "Gibraltar"]
[Date "2013.01.22"]
[Round "2.8"]
[White "Wiedersich, Jens"]
[Black "O'Toole, George E"]
[Result "0-1"]
[WhiteElo "2120"]
[BlackElo "2204"]
[PlyCount "66"]
[EventDate "2013.01.21"]
[EventType "swiss"]
[EventRounds "5"]
[EventCountry "GGB"]
[SourceTitle "BritBase"]
[Source "www.saund.co.uk"]
[SourceDate "2018.02.10"]
[SourceVersion "1"]
[SourceVersionDate "2018.02.10"]
[SourceQuality "1"]

1. d4 Nf6 2. c4 c5 3. d5 b5 4. cxb5 a6 5. Nc3 axb5 6. e4 b4 7. Nb5 d6 8. Bc4
Nbd7 9. Nf3 Nb6 10. b3 Nxc4 11. bxc4 Bd7 12. Qd3 g6 13. Bb2 Bg7 14. a4 bxa3 15.
Nxa3 O-O 16. O-O Ra4 17. Nc2 Qb6 18. Rab1 Qa6 19. Ne3 Ra2 20. e5 Ng4 21. e6
Bxb2 22. exd7 Nf6 23. Qb3 Qa3 24. Qb6 Nxd7 25. Qb7 Ne5 26. Nxe5 Bxe5 27. Qxe7
h5 28. Rb7 Qd3 29. Qg5 Qe4 30. g4 Bf4 31. Qe7 Qf3 32. Qh4 Bxe3 33. fxe3 Qg2#
0-1

[Event "Gibraltar ChallWk1 11th "]
[Site "Gibraltar"]
[Date "2013.01.22"]
[Round "2.9"]
[White "Sanchez Botella, Luis Javier"]
[Black "Gromovs, Sergejs"]
[Result "1-0"]
[WhiteElo "2196"]
[BlackElo "2001"]
[PlyCount "125"]
[EventDate "2013.01.21"]
[EventType "swiss"]
[EventRounds "5"]
[EventCountry "GGB"]
[SourceTitle "BritBase"]
[Source "www.saund.co.uk"]
[SourceDate "2018.02.10"]
[SourceVersion "1"]
[SourceVersionDate "2018.02.10"]
[SourceQuality "1"]

1. d4 d5 2. c4 c6 3. Nf3 Nf6 4. Nc3 dxc4 5. a4 Bf5 6. e3 e6 7. Bxc4 Bb4 8. O-O
O-O 9. Nh4 Bg4 10. f3 Bh5 11. g4 Nd5 12. Ng2 Bg6 13. Na2 Bd6 14. e4 Nb6 15. Bd3
a5 16. Be3 N8d7 17. Rc1 Qe7 18. Nc3 Rad8 19. Qe2 Bb8 20. h4 h6 21. f4 f6 22. h5
Bf7 23. e5 c5 24. dxc5 Nxc5 25. exf6 gxf6 26. Bb1 Be8 27. Qf2 Rc8 28. Nd5 Nxd5
29. Bxc5 Rxc5 30. Qxc5 Qxc5+ 31. Rxc5 Ba7 32. Rfc1 Bxa4 33. Kh2 Bxc5 34. Rxc5
b6 35. Rc1 Bd7 36. Kg3 Rc8 37. Rd1 Kf7 38. Ba2 Rc2 39. Ne3 Rxb2 40. Nxd5 exd5
41. Bxd5+ Be6 42. g5 hxg5 43. fxg5 Bxd5 44. g6+ Kg7 45. Rxd5 Rb1 46. Rd7+ Kg8
47. Kf4 Rf1+ 48. Kg4 Rh1 49. Kf5 a4 50. h6 Rf1+ 51. Ke6 Re1+ 52. Kxf6 Rf1+ 53.
Kg5 Rg1+ 54. Kf5 Rf1+ 55. Ke4 Re1+ 56. Kf3 Re8 57. Rg7+ Kh8 58. Rh7+ Kg8 59.
Rg7+ Kh8 60. Ra7 b5 61. Kf4 Rb8 62. Kg5 b4 63. h7 1-0

[Event "Gibraltar ChallWk1 11th "]
[Site "Gibraltar"]
[Date "2013.01.22"]
[Round "2.10"]
[White "Byrn, Carsten"]
[Black "Elishev, Ivan"]
[Result "1-0"]
[WhiteElo "2114"]
[BlackElo "2185"]
[PlyCount "121"]
[EventDate "2013.01.21"]
[EventType "swiss"]
[EventRounds "5"]
[EventCountry "GGB"]
[SourceTitle "BritBase"]
[Source "www.saund.co.uk"]
[SourceDate "2018.02.10"]
[SourceVersion "1"]
[SourceVersionDate "2018.02.10"]
[SourceQuality "1"]

1. d4 g6 2. c4 Bg7 3. Nc3 d6 4. e4 Nc6 5. d5 Nb8 6. h3 e5 7. Be3 a5 8. c5 Na6
9. cxd6 cxd6 10. Bb5+ Bd7 11. Qa4 Nf6 12. Nf3 O-O 13. Bxd7 Nxd7 14. O-O Nac5
15. Qb5 Ra6 16. Nd2 Rb6 17. Qxa5 Rxb2 18. Qa3 Rb6 19. Nb3 Ra6 20. Qb2 Na4 21.
Nxa4 Rxa4 22. f3 f5 23. Nd2 Nc5 24. Qc2 b5 25. Bxc5 dxc5 26. Qxc5 Bh6 27. Rfd1
Qg5 28. Qxb5 Rfa8 29. d6 Qe3+ 30. Kh1 Bf4 31. Qd5+ Kg7 32. Nf1 Qf2 33. d7 Rd8
34. Qe6 Bg5 35. exf5 Bf6 36. fxg6 hxg6 37. Rd2 Qc5 38. Rd6 Rf4 39. Rad1 e4 40.
fxe4 Rf2 41. e5 Qxe5 42. Qxe5 Bxe5 43. R6d2 Rf7 44. Nh2 Kf8 45. Nf3 Bf6 46. a4
Ke7 47. Rd3 Ke6 48. Rd6+ Kf5 49. a5 Kf4 50. Kh2 Be5 51. Nxe5 Kxe5 52. a6 Rf2
53. Rxg6 Ra2 54. h4 Kf5 55. Rg5+ Kf4 56. Rd4+ Ke3 57. Rd6 Kf4 58. Rc5 Rg8 59.
Rg5 Rd8 60. Rg7 Rb2 61. Rc6 1-0

[Event "Gibraltar ChallWk1 11th "]
[Site "Gibraltar"]
[Date "2013.01.22"]
[Round "2.11"]
[White "Gieritz, Dietmar"]
[Black "Jaunooby, Ali R"]
[Result "0-1"]
[WhiteElo "2112"]
[BlackElo "2178"]
[PlyCount "110"]
[EventDate "2013.01.21"]
[EventType "swiss"]
[EventRounds "5"]
[EventCountry "GGB"]
[SourceTitle "BritBase"]
[Source "www.saund.co.uk"]
[SourceDate "2018.02.10"]
[SourceVersion "1"]
[SourceVersionDate "2018.02.10"]
[SourceQuality "1"]

1. Nf3 c5 2. g3 Nc6 3. d4 cxd4 4. Nxd4 g6 5. Bg2 Bg7 6. Nxc6 bxc6 7. c4 h5 8.
Qa4 h4 9. O-O hxg3 10. hxg3 Nh6 11. Rd1 Qb6 12. Nc3 Nf5 13. e4 Nd4 14. e5 Nf5
15. Bf4 g5 16. c5 Qxb2 17. Bxg5 Qxc3 18. Bxc6 Rb8 19. Bxd7+ Kf8 20. Bxc8 Bxe5
21. Qg4 Nd4 22. Be3 Rb4 23. Rac1 Qb2 24. Kg2 e6 25. Qg5 Rh2+ 26. Kxh2 Nf3+ 27.
Kg2 Nxg5 28. Bxg5 Bd4 29. Bd2 Rb8 30. Bd7 Qxa2 31. c6 Qd5+ 32. f3 Rb3 33. Bc3
e5 34. Bg4 Rxc3 35. Rxc3 Qa2+ 36. Kh3 Bb6 37. c7 Bxc7 38. Rxc7 Qe2 39. f4 Qe4
40. f5 Kg7 41. Rf1 Kf6 42. Rxa7 Kg5 43. Bd1 Qd3 44. Re1 Qd2 45. Rh1 Qd5 46. Rf1
Qd3 47. Kg2 Qd2+ 48. Kh1 Qd3 49. Rg1 Qd5+ 50. Kh2 Qd2+ 51. Kh3 Qf2 52. Rxf7
Qxg1 53. Bf3 Qf1+ 54. Bg2 Qc4 55. Rf8 Qb4 {No further moves were recorded} 0-1